000
00330pam a2200157a 44500
008
230515b2011 xxu||||| |||| 00| 0 eng d
020
_a
NULL
041
_a
ENGLISH
082
_a
612.16
100
_a
CHATTERJEE
245
_a
ORAL PHYSIOLOGY
250
_a
I
260
_a
_b
C B S PUB
_c
2011
300
_a
105
650
_a
NULL
999
_c
564341
_d
564341